[Event "CAN-ch U10"]
[Site "Windsor"]
[Date "2015.07.09"]
[Round "6.102"]
[White "Sass, Naven"]
[Black "Damarla, Rishi"]
[Result "0-1"]
[WhiteElo "1549"]
[BlackElo "743"]
[PlyCount "83"]
[EventDate "2015.07.06"]
[EventType "swiss"]
[EventRounds "7"]
[EventCountry "CAN"]
[SourceTitle "EXT 2022"]
[Source "ChessBase"]
[SourceDate "2021.10.06"]
[SourceVersion "1"]
[SourceVersionDate "2021.10.06"]
[SourceQuality "1"]

1. e4 e5 2. Nf3 Nc6 3. Nc3 Nf6 4. Bc4 Bc5 5. 0-0 d6 6. b3 0-0 7. Bb2 Bg4 8. h3 Bh5 9. Nd5 Nxe4 10. Qe1 Ng3 11. Qc1 Nxf1 12. Qxf1 Bxf3 13. Re1 Qg5 14. Rc1 Bxg2 15. Qxg2 Qxg2+ 16. Kxg2 Rac8 17. Rg1 Bd4 18. c3 Bb6 19. d4 exd4 20. cxd4 Rfe8 21. Nxb6 axb6 22. d5 Nb4 23. a3 Na6 24. Kh2 g6 25. h4 h5 26. Bd3 Nc5 27. Bc2 Re2 28. Bd1 Rxb2 29. b4 Rxf2+ 30. Kh3 Ne4 31. Bxh5 Kf8 32. Bg4 Re8 33. Bd7 Re5 34. Bc8 Rxd5 35. Bxb7 Rd3+ 36. Kg4 Nf6+ 37. Kg5 Kg7 38. Bc8 Nh7+ 39. Kg4 f5+ 40. Bxf5 Rxf5 41. h5 Nf6+ 42. Kh4 0-1

[Event "CAN-ch U10"]
[Site "Windsor"]
[Date "2015.07.07"]
[Round "3.99"]
[White "Butchart, Kevin"]
[Black "Sass, Naven"]
[Result "1-0"]
[WhiteElo "1087"]
[BlackElo "1549"]
[PlyCount "61"]
[EventDate "2015.07.06"]
[EventType "swiss"]
[EventRounds "7"]
[EventCountry "CAN"]
[SourceTitle "EXT 2022"]
[Source "ChessBase"]
[SourceDate "2021.10.06"]
[SourceVersion "1"]
[SourceVersionDate "2021.10.06"]
[SourceQuality "1"]

1. e4 e5 2. Nf3 Nf6 3. Bc4 Bc5 4. d3 0-0 5. c3 d6 6. Bb3 Nc6 7. h3 h6 8. 0-0 Bd7 9. Re1 Qc8 10. Nbd2 Bxh3 11. gxh3 Qxh3 12. d4 exd4 13. cxd4 Nxd4 14. Nxd4 Bxd4 15. Nf3 Qg3+ 16. Kh1 Bxf2 17. Rf1 Qh3+ 18. Nh2 Bg3 19. Qe2 Nxe4 20. Qg2 Nf2+ 21. Rxf2 Qxg2+ 22. Rxg2 Bh4 23. Bxh6 Bf6 24. Rf1 Bd4 25. Nf3 Bf6 26. Rfg1 Kh7 27. Bxg7 Bxg7 28. Rxg7+ Kh6 29. Bxf7 c5 30. R1g6+ Kh5 31. Rh7# 1-0